000 00273nam a22001337a 4500
008 170920b xxu||||| |||| 00| 0 eng d
020 _a725274950423
041 _aeng
080 _a7
100 _a45
101 _aART
245 _aCTREVIEW
_cCLEARY,S
942 _2udc
_cBK
999 _c28383
_d28383